00469nam a2200157Ia 4500008004100000020000700041082001200048100002400060245005800084250000800142260005400150300002900204500000700233600002100240650005000261240925s9999 xx 000 0 und d aNA a007 BUZ aBuzam Sciency Adab 0aSciency Adab: nigarishat pesh karda buzm sciency adab a1st aKarachi:bParamount Publishing Enterprisec,1994. axiii,521p.bNAfOriginal aNA aComputer Science aComputer science, information & general works